[Event "FIDE WCh Women KO"]
[Site "New Delhi IND"]
[Date "2000.11.28"]
[Round "1.2"]
[White "Charest,J"]
[Black "Zielinska,Mar"]
[Result "0-1"]
[WhiteElo "2136"]
[BlackElo "2376"]
[EventDate "2000.11.27"]

1. e4 c5 2. Nc3 Nc6 3. f4 g6 4. Nf3 Bg7 5. Bc4 e6 6. f5 Nge7 7. fxe6 dxe6
8. d3 h6 9. Be3 b6 10. Qd2 g5 11. a3 Bb7 12. O-O Ng6 13. Qf2 O-O 14. Ba2
Rc8 15. g3 Nd4 16. Qg2 g4 17. Ne1 Nf5 18. Bc1 Bd4+ 19. Kh1 Be3 20. Qe2 Bxc1
21. Rxc1 Qg5 22. Ng2 Nd4 23. Qe3 Qxe3 24. Nxe3 h5 25. Nc4 Rcd8 26. Nd2 Kg7
27. Rf2 b5 28. Kg1 Ne5 29. Ne2 Nxe2+ 30. Rxe2 c4 31. a4 a6 32. Rf1 cxd3 33.
cxd3 Rxd3 34. axb5 Rfd8 35. Nc4 Rd1 36. Rxd1 Rxd1+ 37. Kg2 Nxc4 38. Bxc4
axb5 39. Bxb5 f5 40. Kf2 Bxe4 41. Bc4 Kf6 42. Ba6 e5 43. Ke3 Kg5 44. Kf2 h4
45. Re1 Rd4 46. Ke3 Rb4 0-1

[Event "FIDE WCh Women KO"]
[Site "New Delhi IND"]
[Date "2000.11.28"]
[Round "1.2"]
[White "Thipsay,B"]
[Black "Peng Zhaoqin"]
[Result "1-0"]
[WhiteElo "2237"]
[BlackElo "2403"]
[EventDate "2000.11.27"]

1. e4 e6 2. d4 d5 3. Nc3 dxe4 4. Nxe4 Nd7 5. Bd3 Ngf6 6. Qe2 c5 7. Nxf6+
Nxf6 8. dxc5 Bxc5 9. Bd2 Qb6 10. O-O-O Bd4 11. c3 Bxf2 12. Nf3 Bc5 13. Ne5
Bd7 14. Rhf1 Rf8 15. g4 Qc7 16. g5 Nd5 17. Nxd7 Kxd7 18. Qh5 Kc6 19. c4 Nb4
20. Be4+ Kb6 21. a3 Na6 22. Qf3 1-0

[Event "FIDE WCh Women KO"]
[Site "New Delhi IND"]
[Date "2000.11.28"]
[Round "1.2"]
[White "Nguyen Thi Thanh An"]
[Black "Vasilevich,T"]
[Result "0-1"]
[WhiteElo "2281"]
[BlackElo "2429"]
[EventDate "2000.11.27"]

1. e4 e5 2. Nc3 Nf6 3. g3 d5 4. exd5 Nxd5 5. Bg2 Nxc3 6. bxc3 Bd6 7. h3 O-O
8. Nf3 c6 9. O-O Qa5 10. Re1 Bf5 11. a4 Nd7 12. Ba3 Bxa3 13. Rxa3 Rfe8 14.
Ng5 Nf6 15. g4 Bd7 16. Qf3 h6 17. Ne4 Nxe4 18. Rxe4 Rad8 19. Qe3 f5 20. Rb4
f4 21. Qe1 Qc5 22. Ra1 b6 23. Re4 Qd6 24. d3 c5 25. Re2 Re7 26. c4 Rde8 27.
Bd5+ Kh8 28. Qf1 Qf6 29. a5 b5 30. cxb5 Bxb5 31. Rb1 Bc6 32. Bxc6 Qxc6 33.
Re4 Rb7 34. Qe1 Rxb1 35. Qxb1 Qd5 36. Qb5 Rd8 37. Qb2 Re8 38. a6 Re7 39.
Qb5 Kh7 40. f3 Re6 41. Kg2 Qd6 42. Ra4 Qe7 43. Qb3 Rd6 44. Qb8 Rd4 45. Qb7
Qh4 46. Rxd4 Qg3+ 47. Kf1 Qxh3+ 48. Ke1 Qg3+ 49. Kd2 Qf2+ 50. Kc1 Qe1+ 51.
Kb2 cxd4 52. Qc6 Qb4+ 53. Ka2 Qa5+ 54. Kb3 Kh8 55. Kc4 Qa2+ 56. Kc5 Qxc2+
57. Kd6 Qxc6+ 58. Kxc6 e4 0-1

[Event "FIDE WCh Women KO"]
[Site "New Delhi IND"]
[Date "2000.11.28"]
[Round "1.2"]
[White "Peptan,C"]
[Black "Calzetta,M"]
[Result "1-0"]
[WhiteElo "2433"]
[BlackElo "2282"]
[EventDate "2000.11.27"]

1. e4 c5 2. c3 d6 3. d4 Nf6 4. Bd3 Qc7 5. h3 g6 6. Nf3 Bg7 7. Be3 O-O 8.
O-O b6 9. Nbd2 Bb7 10. a4 Nfd7 11. Qe2 a6 12. Bg5 Nc6 13. d5 Nce5 14. Bc2
e6 15. Nxe5 Nxe5 16. f4 Nd7 17. dxe6 fxe6 18. Bb3 Rae8 19. f5 gxf5 20. exf5
d5 21. fxe6 Qg3 22. Ne4 Qc7 23. exd7 Qxd7 24. Rxf8+ Rxf8 25. Ng3 h6 26. Bd2
1-0

[Event "FIDE WCh Women KO"]
[Site "New Delhi IND"]
[Date "2000.11.28"]
[Round "1.2"]
[White "Vijayalakshmi,S"]
[Black "Koskela,N"]
[Result "0-1"]
[WhiteElo "2378"]
[BlackElo "2191"]
[EventDate "2000.11.27"]

1. d4 Nf6 2. c4 e6 3. Nc3 Bb4 4. Qc2 c5 5. dxc5 O-O 6. Nf3 Na6 7. a3 Bxc3+
8. Qxc3 Nxc5 9. b4 Nce4 10. Qc2 b6 11. Ng5 Nxg5 12. Bxg5 a5 13. bxa5 Rxa5
14. Bd2 Ra7 15. Bb4 d6 16. Rd1 Rd7 17. e4 Re8 18. Be2 Bb7 19. f3 Qc7 20.
O-O d5 21. exd5 Nxd5 22. Qd2 Nf6 23. Qe3 Ra8 24. Rxd7 Nxd7 25. Rd1 Nc5 26.
Qd4 h6 27. Bc3 e5 28. Qd6 Qxd6 29. Rxd6 Rxa3 30. Bxe5 Re3 31. Bd4 Rxe2 32.
Rxb6 Nd3 33. h4 Bc8 34. Rb8 Re8 35. g3 Bd7 36. Rxe8+ Bxe8 37. Kf1 Bc6 38.
Ke2 Nb4 39. Bc5 Na6 40. Bd6 f5 41. Ke3 Kf7 42. Kf4 Ke6 43. Bf8 g5+ 44. hxg5
hxg5+ 45. Kxg5 Bxf3 46. Kf4 Be2 47. Ba3 Nc7 48. Bc1 Ne8 49. Ba3 Nf6 50. Kg5
Bxc4 51. Bb2 Ne4+ 52. Kf4 Be2 53. Ba1 Bg4 54. Bd4 Kd5 55. Ba7 Kc4 56. Ke3
Nxg3 57. Bb8 Ne2 58. Bc7 Nc3 59. Be5 Nd1+ 60. Kf4 Kd3 61. Bc7 Nc3 62. Bd8
Ne2+ 63. Kg5 Ke4 64. Bc7 Nd4 65. Kh4 Nf3+ 66. Kg3 Ne5 67. Bb6 f4+ 68. Kg2
Nd3 69. Ba7 Ne1+ 70. Kf2 Nd3+ 71. Kg2 Bf3+ 72. Kf1 Kf5 73. Bd4 Kg4 74. Bg1
Bd1 75. Kg2 f3+ 76. Kh2 Be2 77. Bb6 f2 78. Bxf2 Nxf2 79. Kg2 Ne4 80. Kg1
Kg3 81. Kh1 Ng5 0-1

[Event "FIDE WCh Women KO"]
[Site "New Delhi IND"]
[Date "2000.11.28"]
[Round "1.2"]
[White "Qin Kanying"]
[Black "Klinova,M"]
[Result "1/2-1/2"]
[WhiteElo "2501"]
[BlackElo "2350"]
[EventDate "2000.11.27"]

1. e4 c6 2. d4 d5 3. e5 Bf5 4. Nf3 e6 5. Be2 Ne7 6. O-O h6 7. c3 Nd7 8. Na3
c5 9. Nc2 Nc6 10. Nce1 Be7 11. Bd3 Bxd3 12. Nxd3 cxd4 13. cxd4 Qb6 14. Be3
a5 15. Qd2 a4 16. Rab1 Qa5 17. Qd1 Nb6 18. b3 O-O 19. Nf4 axb3 20. axb3 Nb4
21. Nh5 Qb5 22. Ne1 Kh7 23. Qg4 Rg8 24. Qh3 Nd7 25. f4 f5 26. exf6 Nxf6 27.
Nf3 Nxh5 28. Qxh5 Qd3 29. Bd2 Nc6 30. Qh3 Qg6 31. Rbe1 Qf5 32. g4 Qf7 33.
Kh1 Ra2 34. Be3 Rb2 35. Ng5+ Bxg5 36. fxg5 Qg6 37. gxh6 gxh6 38. Bc1 Rc2
39. Rf7+ Rg7 40. Rf4 Nb4 41. Rf3 Nc6 42. Rf4 Nb4 43. Rf3 Nc6 44. Rf4 Nb4
1/2-1/2

[Event "FIDE WCh Women KO"]
[Site "New Delhi IND"]
[Date "2000.11.28"]
[Round "1.2"]
[White "Arakhamia,K"]
[Black "Shahade,J"]
[Result "1-0"]
[WhiteElo "2405"]
[BlackElo "2238"]
[EventDate "2000.11.27"]

1. e4 c5 2. Nc3 Nc6 3. g3 g6 4. Bg2 Bg7 5. d3 d6 6. Be3 Rb8 7. Qd2 Qa5 8.
f4 Nd4 9. Nf3 Nh6 10. h3 f5 11. O-O Nf7 12. a3 O-O 13. Kh2 Bd7 14. Rae1 Bc6
15. Nd5 Qd8 16. Nxd4 cxd4 17. Bf2 e6 18. Nb4 Bd7 19. c3 dxc3 20. bxc3 Qc7
21. exf5 gxf5 22. c4 Qa5 23. Qa2 Rfc8 24. Re2 b5 25. cxb5 Rxb5 26. Rxe6
Rxb4 27. Re7 Be8 28. Rxa7 Rb2 29. Qxb2 Qxa7 30. Qxg7+ Kxg7 31. Bxa7 Kg6 32.
Re1 h6 33. Bd5 1-0

[Event "FIDE WCh Women KO"]
[Site "New Delhi IND"]
[Date "2000.11.28"]
[Round "1.2"]
[White "Kachiani,K"]
[Black "Javakhishvili,L"]
[Result "1/2-1/2"]
[WhiteElo "2448"]
[BlackElo "2301"]
[EventDate "2000.11.27"]

1. d4 Nf6 2. c4 e6 3. g3 Bb4+ 4. Bd2 a5 5. Bg2 d5 6. Nf3 c6 7. Qc2 b6 8.
O-O O-O 9. Bg5 Be7 10. Nbd2 Ba6 11. Rfe1 h6 12. Bf4 Nh5 13. Bxb8 Rxb8 14.
e4 Rc8 15. e5 g6 16. Rad1 Ng7 17. h4 Qd7 18. a3 Qa7 19. Bf1 Rfd8 20. Qb1 a4
21. Rc1 Nf5 22. h5 Kg7 23. cxd5 Rxd5 24. hxg6 fxg6 25. Bxa6 Qxa6 26. Rc4 b5
27. Rcc1 Qb6 28. Ne4 Nxd4 29. Nxd4 Rxd4 30. Qa2 c5 31. Nd6 Bxd6 32. Qxe6
Rc7 33. exd6 Qxd6 34. Qxd6 Rxd6 35. Rc2 Kf6 36. Re8 Rd3 37. Rce2 Rb3 38.
Rf8+ Rf7 39. Rc8 c4 40. Rb8 h5 41. Rb6+ Kf5 42. Kg2 Rf6 43. Rb7 g5 44. Rh7
Kg6 45. Rb7 h4 46. Rb8 hxg3 47. fxg3 Rff3 48. Rxb5 Rxg3+ 49. Kf2 Rgf3+ 50.
Kg2 Rxb5 51. Kxf3 Kf5 52. Rc2 Rc5 53. Kg3 Ke4 54. Kg4 Kd3 55. Rc3+ Kd4 56.
Kh5 Rb5 57. Rc2 Rb3 58. Rg2 Re3 59. Kxg5 Kd3 60. Kf5 Re1 61. Kf4 Rc1 62.
Ke5 Rc2 63. Rxc2 Kxc2 64. Kd4 Kb3 65. Kd5 c3 66. bxc3 Kxa3 67. c4 Kb4 68.
c5 a3 69. c6 a2 70. c7 a1=Q 71. c8=Q 1/2-1/2

[Event "FIDE WCh Women KO"]
[Site "New Delhi IND"]
[Date "2000.11.28"]
[Round "1.2"]
[White "Manakova,M"]
[Black "Chaves,Joa"]
[Result "1-0"]
[WhiteElo "2369"]
[BlackElo "2057"]
[EventDate "2000.11.27"]

1. e4 e5 2. Nf3 Nc6 3. d4 exd4 4. Nxd4 Bc5 5. Nxc6 Qf6 6. Qd2 Qxc6 7. Bd3
Nf6 8. O-O O-O 9. b4 Bd4 10. c3 Bb6 11. c4 Bd4 12. Nc3 b5 13. Nd5 Re8 14.
cxb5 Qd6 15. Nxf6+ Qxf6 16. Rb1 Bb7 17. Qc2 Rac8 18. Bb2 c6 19. Bxd4 Qxd4
20. Qc4 Qxc4 21. Bxc4 Rxe4 22. Rbc1 cxb5 23. Bd5 Rec4 24. Rxc4 bxc4 25.
Bxb7 Rb8 26. Bd5 Rxb4 27. Rc1 c3 28. Bb3 Re4 29. Kf1 g6 30. Rxc3 Rd4 31.
Rc8+ Kg7 32. Ra8 Kf6 33. Rxa7 Ke5 34. Bxf7 d5 35. Ra5 1-0

[Event "FIDE WCh Women KO"]
[Site "New Delhi IND"]
[Date "2000.11.28"]
[Round "1.2"]
[White "Skripchenko,A"]
[Black "Lagvilava,G"]
[Result "1-0"]
[WhiteElo "2450"]
[BlackElo "2318"]
[EventDate "2000.11.27"]

1. e4 c6 2. d4 d5 3. Nc3 dxe4 4. Nxe4 Nd7 5. Nf3 Ngf6 6. Nxf6+ Nxf6 7. Bc4
e6 8. Bg5 Bd6 9. Qe2 Qc7 10. Ne5 Nd5 11. Bd2 O-O 12. O-O c5 13. c3 b6 14.
Bd3 Bb7 15. Rfe1 f6 16. c4 cxd4 17. Ng6 hxg6 18. Qxe6+ Rf7 19. cxd5 Bxh2+
20. Kh1 f5 21. Qxg6 Raf8 22. d6 Bxd6 23. Rac1 Qd8 24. Bg5 Qd7 25. Bc4 f4
26. Be6 Qb5 27. f3 Bd5 28. Bxf7+ Bxf7 29. Qxd6 Qxg5 30. Qxd4 Bxa2 31. Kg1
Rd8 32. Qe5 Qxe5 33. Rxe5 Rd2 34. b4 Rb2 35. Re8+ Kh7 36. Re4 g5 37. Rc7+
Kg6 38. Rxa7 b5 39. Re5 Bc4 40. Ra6+ Kh5 41. Rf6 Rxb4 42. Rxf4 Rb1+ 43. Kh2
Be6 44. Rf6 1-0

[Event "FIDE WCh Women KO"]
[Site "New Delhi IND"]
[Date "2000.11.28"]
[Round "1.2"]
[White "Gurieli,N"]
[Black "Meyer,Mar"]
[Result "1/2-1/2"]
[WhiteElo "2373"]
[BlackElo "2087"]
[EventDate "2000.11.27"]

1. e4 d6 2. d4 Nf6 3. Nc3 g6 4. Nf3 Bg7 5. Be2 O-O 6. O-O Nc6 7. d5 Nb8 8.
Re1 e6 9. dxe6 fxe6 10. Bc4 Ne8 11. Bg5 Qd7 12. Qd2 c6 13. Rad1 Kh8 14. Bh6
Qe7 15. Bxg7+ Qxg7 16. Qg5 e5 17. h4 Nd7 18. h5 gxh5 19. Qxh5 Nb6 20. Be2
Bg4 21. Qg5 Qxg5 22. Nxg5 Bxe2 23. Nxe2 Rf6 24. Ng3 h6 25. Nf3 Ng7 26. b3
Re8 27. Rd2 Nc8 28. c4 c5 29. Nh4 Ne6 30. Nh5 Rf7 31. Nf5 Nd4 32. Nxh6 Rh7
33. Nf6 Re6 34. Nhg4 Rg7 35. Re3 Rg5 36. f3 Kg7 37. Nd5 Ne7 38. Nxe7 Rxe7
39. Kf2 Rf7 40. Kg3 Kg6 41. Rd1 Rh7 42. Ree1 Rf7 43. Rd2 Rh7 44. Kf2 Kf7
45. Rdd1 Rgh5 46. Rg1 Ke6 47. Ke3 Rh4 48. Nf2 Rg7 49. Rc1 Rg3 50. Nh1 Rg7
51. Kf2 Rf4 52. Rce1 Rf8 53. Ng3 Rfg8 54. Ne2 Nxe2 55. Rxe2 Rg3 56. Rd2 Kd7
57. Ke3 Kc6 58. Rf2 b6 59. a3 a5 60. Kd3 R8g7 61. Kc3 Rg8 62. b4 a4 63. Kd3
R8g7 64. Ke3 cxb4 65. axb4 b5 66. Kd3 Kb6 67. cxb5 Kxb5 68. Ke3 Kxb4 69.
Rb2+ Ka5 70. Rd1 R7g6 71. Rd5+ Ka6 72. Rdd2 Ka5 73. Ra2 Kb6 74. Rdc2 Kb5
75. Rab2+ Ka5 76. Rd2 a3 77. Rb3 Rxg2 78. Rxa3+ Kb4 79. Rdd3 Rb2 80. Ra6
Rgg2 81. Rb6+ Kc5 82. Rxb2 Rxb2 83. Rc3+ Kb6 84. f4 exf4+ 85. Kxf4 Rb5 86.
Ke3 Rc5 87. Rd3 Kc6 88. Kd4 Re5 89. Ra3 Kd7 90. Ra7+ Ke6 91. Rh7 Ra5 92.
Rh6+ Ke7 93. Ke3 Kd7 94. Kf4 Ke7 95. Kg4 Kd7 96. Rf6 Ke7 97. Rf5 Rxf5 98.
Kxf5 Kf7 1/2-1/2

[Event "FIDE WCh Women KO"]
[Site "New Delhi IND"]
[Date "2000.11.28"]
[Round "1.2"]
[White "Hoang Thanh Trang"]
[Black "Cmilyte,V"]
[Result "0-1"]
[WhiteElo "2489"]
[BlackElo "2335"]
[EventDate "2000.11.27"]

1. d4 Nf6 2. c4 e6 3. Nc3 Bb4 4. Qc2 O-O 5. e4 d5 6. e5 Ne4 7. a3 Bxc3+ 8.
bxc3 c5 9. Bb2 cxd4 10. cxd4 Bd7 11. Bd3 Qa5+ 12. Ke2 Rc8 13. f3 f5 14. c5
b6 15. fxe4 fxe4 16. Bxe4 dxe4 17. Nh3 bxc5 18. Ng5 Qb5+ 19. Kf2 cxd4 20.
Qxe4 Qxb2+ 21. Kg3 Qc2 22. Qxa8 Bc6 23. Rac1 Qxg2+ 24. Kh4 Rf8 25. Nxe6
Qxh2+ 26. Kg4 h5+ 0-1

[Event "FIDE WCh Women KO"]
[Site "New Delhi IND"]
[Date "2000.11.29"]
[Round "1.3"]
[White "Klinova,M"]
[Black "Qin Kanying"]
[Result "1/2-1/2"]
[WhiteElo "2350"]
[BlackElo "2501"]
[EventDate "2000.11.27"]

1. e4 e5 2. Nf3 Nc6 3. Bc4 Bc5 4. c3 Nf6 5. d3 a6 6. Bb3 Ba7 7. Nbd2 O-O 8.
Nc4 d5 9. Ncxe5 Nxe5 10. Nxe5 dxe4 11. d4 c5 12. Be3 Nd5 13. dxc5 Nxe3 14.
fxe3 Qh4+ 15. g3 Qe7 16. Qd6 Bxc5 17. Qxe7 Bxe7 18. O-O Bf6 19. Nc4 Be6 20.
Nd6 Bxb3 21. axb3 Be7 22. Nxb7 Rab8 23. Na5 Bg5 24. Kf2 Rb5 25. b4 Rd8 26.
Rfd1 Rc8 27. Rd4 Re8 28. Ke2 Bf6 29. Rd6 Rh5 30. Rh1 Be5 31. Rd5 f5 32.
Rdd1 g5 33. Nc6 Bc7 34. Rdf1 g4 35. Nd4 Re5 36. Ra1 Re8 37. Kf2 Rh6 38. Kg2
Rf6 39. Rhf1 Ref8 40. Rfd1 Rd8 41. Nb3 Rfd6 42. Rxd6 Rxd6 43. Nd4 Kf7 44.
Rf1 Kg6 45. Ra1 h5 46. Kf2 h4 47. c4 hxg3+ 48. hxg3 Rf6 49. b5 axb5 50.
Nxb5 Be5 51. Nd4 Rb6 52. Ra2 Rb4 53. Nc6 Rxb2+ 54. Rxb2 Bxb2 55. Nd4 Ba3
56. Nb3 Kf6 57. c5 Ke7 58. c6 Kd6 59. Nd4 Bb2 60. Nxf5+ Kxc6 61. Nh6 Kd5
62. Nxg4 Bg7 63. Ke2 Bb2 64. Nf2 Bf6 65. g4 Bh4 66. Nh3 Ke5 67. Kd2 Bd8 68.
Nf4 Ba5+ 69. Ke2 Kf6 70. Nh3 Kg6 71. Kf2 Bb6 1/2-1/2

[Event "FIDE WCh Women KO"]
[Site "New Delhi IND"]
[Date "2000.11.29"]
[Round "1.3"]
[White "Peng Zhaoqin"]
[Black "Thipsay,B"]
[Result "1-0"]
[WhiteElo "2403"]
[BlackElo "2237"]
[EventDate "2000.11.27"]

1. d4 f5 2. Nf3 e6 3. g3 Nf6 4. Bg2 Be7 5. O-O O-O 6. c4 d6 7. Nc3 a5 8. b3
Qe8 9. Bb2 Qh5 10. e3 Qh6 11. Qe2 d5 12. Ne5 c6 13. Rad1 Nbd7 14. f3 g5 15.
e4 dxe4 16. Nxd7 Bxd7 17. fxe4 Rae8 18. e5 Nh5 19. Na4 Bc8 20. Nb6 Qg6 21.
c5 Ng7 22. Bc3 h5 23. Nc4 g4 24. Nd6 Rd8 25. Bxa5 Rd7 26. Bd2 h4 27. Rf2
Nh5 28. Qe3 Kg7 29. Bf1 Rdd8 30. Bd3 Rh8 31. Rg2 hxg3 32. hxg3 Rh7 33. Kf1
Rdh8 34. Ke2 Nxg3+ 35. Qxg3 Rh3 36. Qe1 Qh5 37. Bf4 Rf3 38. Qd2 g3 39. Rdg1
Rf2+ 40. Ke1 Rxd2 41. Kxd2 Bd7 42. Be2 Qh7 43. Rxg3+ Kf8 44. Bf3 Bh4 45.
R3g2 Be8 46. Nxe8 Kxe8 47. Ke3 Kf7 48. Rh2 Qg8 49. Rxg8 Kxg8 50. a4 Kf7 51.
b4 Kg7 52. b5 cxb5 53. axb5 Bd8 54. Rxh8 Kxh8 55. Bxb7 Kg7 56. c6 Bb6 57.
Bg5 Kf7 58. Bf6 Ba7 59. c7 1-0

[Event "FIDE WCh Women KO"]
[Site "New Delhi IND"]
[Date "2000.11.29"]
[Round "1.3"]
[White "Wang Lei"]
[Black "Stjazhkina,O"]
[Result "1/2-1/2"]
[WhiteElo "2498"]
[BlackElo "2337"]
[EventDate "2000.11.27"]

1. d4 d5 2. c4 dxc4 3. Nf3 Nf6 4. e3 e6 5. Bxc4 c5 6. O-O Nc6 7. Nc3 a6 8.
Bb3 Qc7 9. a3 Bd6 10. dxc5 Bxc5 11. h3 O-O 12. Qc2 Bd6 13. Bd2 b5 14. Ng5
h6 15. Nge4 Nxe4 16. Nxe4 Bb7 17. Nxd6 Qxd6 18. Rfd1 Qe7 19. Rac1 Rac8 20.
Qc5 Qh4 21. Qb6 Qe7 22. Be1 Rfe8 23. a4 Ne5 24. Rxc8 Rxc8 25. axb5 Nf3+ 26.
Kf1 Nh2+ 27. Kg1 Nf3+ 28. Kf1 Nh2+ 29. Kg1 Nf3+ 30. Kf1 1/2-1/2

[Event "FIDE WCh Women KO"]
[Site "New Delhi IND"]
[Date "2000.11.29"]
[Round "1.3"]
[White "Lakos,N"]
[Black "Cramling,P"]
[Result "0-1"]
[WhiteElo "2327"]
[BlackElo "2484"]
[EventDate "2000.11.27"]

1. e4 c5 2. Nf3 e6 3. d4 cxd4 4. Nxd4 a6 5. Bd3 g6 6. O-O Bg7 7. c3 Ne7 8.
Na3 Nbc6 9. Nxc6 bxc6 10. Qe2 d6 11. Bg5 h6 12. Be3 O-O 13. Qd2 Kh7 14.
Rad1 d5 15. Bc5 Qc7 16. f4 Re8 17. Qf2 f5 18. exf5 exf5 19. Nc2 Ng8 20.
Rfe1 Bd7 21. Rxe8 Rxe8 22. Bxa6 Nf6 23. Bd3 Ng4 24. Qf3 Qa5 25. Ba3 Qb6+
0-1

[Event "FIDE WCh Women KO"]
[Site "New Delhi IND"]
[Date "2000.11.29"]
[Round "1.4"]
[White "Qin Kanying"]
[Black "Klinova,M"]
[Result "1-0"]
[WhiteElo "2501"]
[BlackElo "2350"]
[EventDate "2000.11.27"]

1. e4 c6 2. d4 d5 3. Nd2 dxe4 4. Nxe4 Nd7 5. Nf3 Ngf6 6. Ng3 c5 7. c3 e6 8.
Bd3 Qc7 9. O-O Bd6 10. Qe2 h6 11. Nf5 Bf8 12. c4 g6 13. Ng3 Be7 14. Re1 Nb6
15. a3 Kf8 16. dxc5 Qxc5 17. b4 Qc7 18. Ne5 Nbd7 19. Nxf7 1-0

[Event "FIDE WCh Women KO"]
[Site "New Delhi IND"]
[Date "2000.11.29"]
[Round "1.4"]
[White "Thipsay,B"]
[Black "Peng Zhaoqin"]
[Result "1-0"]
[WhiteElo "2237"]
[BlackElo "2403"]
[EventDate "2000.11.27"]

1. e4 e6 2. d4 d5 3. Nc3 Nf6 4. Bg5 dxe4 5. Nxe4 Nbd7 6. Nxf6+ Nxf6 7. Nf3
h6 8. Bh4 c5 9. c3 cxd4 10. Nxd4 Be7 11. Bd3 O-O 12. O-O Re8 13. Qe2 Bd7
14. Rad1 Qb6 15. Bb1 Rad8 16. Rfe1 e5 17. Nf5 Bxf5 18. Bxf5 Rxd1 19. Rxd1
Rd8 20. Re1 Re8 21. Bc2 Bc5 22. Bb3 Re7 23. Rd1 e4 24. Kh1 e3 25. fxe3 Bxe3
26. Bxf6 Qxf6 27. Rf1 Bb6 28. Qd3 Qc6 29. Bc2 g6 30. Bb3 Kg7 31. Bd5 Qd6
32. Qf3 Qd7 33. Qf6+ Kh7 34. Bxf7 1-0

[Event "FIDE WCh Women KO"]
[Site "New Delhi IND"]
[Date "2000.11.29"]
[Round "1.4"]
[White "Stjazhkina,O"]
[Black "Wang Lei"]
[Result "1/2-1/2"]
[WhiteElo "2337"]
[BlackElo "2498"]
[EventDate "2000.11.27"]

1. c4 f5 2. g3 Nf6 3. Bg2 g6 4. Nc3 Bg7 5. e3 d6 6. Nge2 O-O 7. d4 e5 8.
O-O c6 9. b4 Be6 10. Qb3 Bf7 11. Rd1 e4 12. b5 Nbd7 13. Ba3 Nb6 14. d5 cxd5
15. cxd5 Nfxd5 16. Nxd5 Nxd5 17. Nd4 Rc8 18. Qb2 Be5 19. Qd2 Rc3 20. Bb2
Rd3 21. Qe1 Rxd1 22. Rxd1 Qb6 23. Qd2 Nf6 24. a4 Rc8 25. a5 Qc7 26. Bf1 Nd7
27. a6 Nc5 28. axb7 Qxb7 29. Qb4 Nd3 30. Bxd3 exd3 31. Rxd3 Bd5 32. Rd1 Rc4
33. Qa5 Bh1 34. f3 Bxf3 35. Nxf3 Qxf3 36. Qd8+ Kf7 37. Qd7+ Kf8 38. Qd8+
Kf7 39. Qd7+ Kf8 40. Qd8+ Kf7 41. Qd7+ 1/2-1/2

[Event "FIDE WCh Women KO"]
[Site "New Delhi IND"]
[Date "2000.11.29"]
[Round "1.4"]
[White "Cramling,P"]
[Black "Lakos,N"]
[Result "0-1"]
[WhiteElo "2484"]
[BlackElo "2327"]
[EventDate "2000.11.27"]

1. d4 g6 2. e4 Bg7 3. c4 c6 4. Nc3 d6 5. h3 a6 6. Nf3 b5 7. a3 Nf6 8. Be3
O-O 9. Be2 Bb7 10. O-O bxc4 11. Bxc4 Nfd7 12. Rc1 Nb6 13. Ba2 a5 14. Nd2
Ba6 15. Re1 N8d7 16. Ne2 Rc8 17. b4 axb4 18. axb4 e5 19. Nf3 exd4 20. Bxd4
Bh6 21. Rc2 c5 22. Ba1 Qe7 23. bxc5 dxc5 24. Nc3 Bg7 25. Nd5 Nxd5 26. exd5
Qd6 27. Bxg7 Kxg7 28. Nd2 Nf6 29. Ne4 Nxe4 30. Rxe4 Rfe8 31. Rxe8 Rxe8 32.
Qc1 c4 33. Qd2 Re4 34. Rc1 Qe5 35. Qc3 Rd4 36. Qa3 Bb5 37. Qb4 Qxd5 38. Qc3
f6 39. Qb4 Re4 40. Qa5 Bc6 41. Qxd5 Bxd5 42. f3 Re7 43. Rc2 Rc7 44. Kf2 f5
45. Ke3 Kf6 46. Kd4 Bf7 47. Rc3 Rd7+ 48. Ke3 Re7+ 49. Kd2 Rc7 50. Ke3 g5
51. g3 Ke5 52. f4+ gxf4+ 53. gxf4+ Kf6 54. Kd4 Rd7+ 55. Ke3 Re7+ 56. Kf2
Re4 57. Kg3 Rd4 58. Kf3 Bd5+ 59. Kg3 Ke6 60. Kh4 Rxf4+ 61. Kg5 Rd4 62. Ra3
f4 63. Ra6+ Ke5 64. Kg4 f3+ 65. Kg3 Rd2 66. Ra5 Rg2+ 67. Kh4 f2 68. Ra7 Kd4
69. Rd7 0-1

[Event "FIDE WCh Women KO"]
[Site "New Delhi IND"]
[Date "2000.11.29"]
[Round "1.5"]
[White "Peng Zhaoqin"]
[Black "Thipsay,B"]
[Result "0-1"]
[WhiteElo "2403"]
[BlackElo "2237"]
[EventDate "2000.11.27"]

1. d4 f5 2. Nf3 e6 3. g3 Nf6 4. Bg2 d5 5. O-O Bd6 6. c4 c6 7. b3 Qe7 8. Qc2
O-O 9. Ne5 Nbd7 10. Bb2 Ne4 11. e3 Ndf6 12. f3 Ng5 13. Nd2 Nf7 14. Rae1 Bd7
15. Nxd7 Qxd7 16. e4 Bb4 17. e5 Ne8 18. Kh1 Rc8 19. Rc1 Nc7 20. Rfd1 Rfd8
21. Nf1 Bf8 22. Ne3 Qe7 23. f4 g5 24. g4 gxf4 25. gxf5 fxe3 26. f6 Qd7 27.
Rg1 Kh8 28. Qe2 Bh6 29. Qh5 Rg8 30. Bf3 Rxg1+ 31. Rxg1 Rg8 32. h4 Rxg1+ 33.
Kxg1 Qe8 34. Bg2 Qg8 35. Qf3 Qg6 36. Kh2 Qc2 37. Ba3 e2 38. Bb4 Qd1 39. Qf2
Bd2 0-1

[Event "FIDE WCh Women KO"]
[Site "New Delhi IND"]
[Date "2000.11.29"]
[Round "1.5"]
[White "Wang Lei"]
[Black "Stjazhkina,O"]
[Result "1-0"]
[WhiteElo "2498"]
[BlackElo "2337"]
[EventDate "2000.11.27"]

1. d4 d6 2. c4 e5 3. Nf3 e4 4. Ng5 f5 5. Nc3 Be7 6. Nh3 Nf6 7. g3 O-O 8.
Bg2 c5 9. d5 Nbd7 10. O-O Ne5 11. b3 Ne8 12. Bb2 Nc7 13. f3 exf3 14. exf3
Bf6 15. Nf4 g6 16. Qd2 a6 17. a4 b6 18. Rfd1 Rb8 19. Nd3 Nxd3 20. Qxd3 Bd4+
21. Kh1 Qf6 22. Rab1 Re8 23. Qc2 Bd7 24. Rxd4 cxd4 25. Ne2 b5 26. Nxd4 Qe7
27. cxb5 Nxd5 28. Qc4 Qf7 29. f4 Ne3 30. Qxf7+ Kxf7 31. bxa6 Nxg2 32. Kxg2
Rb6 33. Kf2 Rxa6 34. Rc1 Ra7 35. Ba3 Re4 36. Nf3 h6 37. Bxd6 Be6 38. Rc3
Rb7 39. b4 Kg8 40. a5 Rd7 41. Rc8+ Kh7 42. Be5 g5 43. fxg5 Bc4 44. Rh8+ Kg6
45. Rxh6+ Kf7 46. g6+ Ke7 47. Rh7+ Ke8 48. Rh8+ Ke7 49. Rh7+ Ke8 50. Rh8+
Ke7 51. Rh7+ Ke8 52. Rxd7 Kxd7 53. Bd4 Ke8 54. Bc5 Re2+ 55. Kg1 Bd5 56. Nd4
Rg2+ 57. Kf1 Rxh2 58. Nxf5 Rh5 59. Ng7+ 1-0

[Event "FIDE WCh Women KO"]
[Site "New Delhi IND"]
[Date "2000.11.29"]
[Round "1.5"]
[White "Cramling,P"]
[Black "Lakos,N"]
[Result "1-0"]
[WhiteElo "2484"]
[BlackElo "2327"]
[EventDate "2000.11.27"]

1. d4 Nf6 2. c4 e6 3. Nf3 b6 4. a3 Bb7 5. Nc3 d5 6. Bg5 Be7 7. e3 O-O 8.
Qc2 h6 9. Bxf6 Bxf6 10. cxd5 exd5 11. g4 c5 12. O-O-O cxd4 13. exd4 Bc8 14.
Rg1 Be6 15. Bd3 Nc6 16. Kb1 Rc8 17. Ba6 Rb8 18. Bb5 Rc8 19. Ba6 Rb8 20. Bd3
Rc8 21. Bf5 Bxf5 22. Qxf5 Ne7 23. Qd3 Ng6 24. Qb5 Nf4 25. Ne5 Re8 26. Rge1
Bxe5 27. dxe5 Rc5 28. Qa4 Ne6 29. Nxd5 b5 30. Qe4 Qh4 31. f4 Rc4 32. Qe3
Qxh2 33. f5 Nc5 34. Re2 Qh4 35. f6 Re4 36. Ne7+ Kh7 37. Qd2 gxf6 38. Nf5
Qg5 39. Rh2 Qxd2 40. Rdxd2 Kg6 41. Rxh6+ Kg5 42. Rxf6 R8xe5 43. Rxf7 Kxg4
44. Rg2+ Kf3 45. Nh4+ Ke3 46. Rf3+ Kd4 47. Rd2+ Nd3 48. Rfxd3+ Kc5 49. Rc3+
Rc4 50. Rxc4+ bxc4 51. Kc2 Re3 52. Nf5 Rh3 53. Nd4 a5 54. Ne2 1-0

[Event "FIDE WCh Women KO"]
[Site "New Delhi IND"]
[Date "2000.11.29"]
[Round "1.6"]
[White "Thipsay,B"]
[Black "Peng Zhaoqin"]
[Result "0-1"]
[WhiteElo "2237"]
[BlackElo "2403"]
[EventDate "2000.11.27"]

1. e4 c5 2. Nf3 d6 3. d4 Nf6 4. Nc3 cxd4 5. Nxd4 a6 6. Be2 e5 7. Nb3 Be7 8.
O-O O-O 9. Kh1 Be6 10. f4 exf4 11. Bxf4 Nc6 12. Nd4 Re8 13. Nf5 Bxf5 14.
exf5 d5 15. Bf3 d4 16. Ne2 Bc5 17. Bg5 h6 18. Bh4 Qd6 19. Ng3 Bb6 20. Nh5
Nxh5 21. Bxh5 Re3 22. Rf3 Qe5 23. Bf2 Re4 24. Bg3 Qf6 25. Rb3 Na5 26. Rf3
Rae8 27. Rf1 Nc4 28. Qd3 Ne3 29. Rf2 Nxf5 30. Raf1 g6 31. Bf3 Nxg3+ 32.
hxg3 Re1 33. Rxe1 Rxe1+ 34. Rf1 Re3 35. Qc4 d3 36. cxd3 Kg7 37. Qf4 Qxf4
38. gxf4 Rxd3 39. Bxb7 a5 40. Bf3 Rd2 41. Rb1 h5 42. a3 Bc7 43. f5 Kh6 44.
fxg6 fxg6 45. b4 Ra2 46. bxa5 Rxa3 47. Kg1 Rxa5 48. Rb2 g5 49. Kf2 g4 50.
Be4 h4 51. Bd3 Bg3+ 52. Kf1 Ra1+ 53. Bb1 Kg5 54. Ke2 Be5 55. Rb3 Kf4 56.
Kf2 Bd4+ 57. Ke2 Ra5 58. Kd3 Ba7 59. Ke2 Re5+ 60. Kf1 Be3 61. Rb2 Kg3 62.
Re2 h3 63. gxh3 gxh3 64. Bd3 Re7 65. Bf5 h2 66. Rg2+ Kf4 67. Rxh2 Kxf5 68.
Re2 Kf4 69. Ke1 Rc7 70. Kf1 Kf3 71. Re1 Rg7 0-1

[Event "FIDE WCh Women KO"]
[Site "New Delhi IND"]
[Date "2000.11.29"]
[Round "1.6"]
[White "Stjazhkina,O"]
[Black "Wang Lei"]
[Result "1/2-1/2"]
[WhiteElo "2337"]
[BlackElo "2498"]
[EventDate "2000.11.27"]

1. e4 c5 2. Nc3 Nc6 3. g3 g6 4. Bg2 Bg7 5. d3 d6 6. f4 e6 7. Nf3 Nge7 8.
O-O O-O 9. Be3 Nd4 10. Qd2 Rb8 11. Qf2 e5 12. f5 gxf5 13. Nh4 fxe4 14. Nxe4
f5 15. Ng5 b6 16. c3 Ne6 17. Qe2 Qe8 18. Rf2 Nxg5 19. Bxg5 Ng6 20. Nf3 Bb7
21. Raf1 f4 22. Nh4 fxg3 23. Rxf8+ Bxf8 24. hxg3 Nxh4 25. Bxh4 Bxg2 26.
Qxg2 Be7 27. Qd5+ Kg7 28. Kh2 Bxh4 29. gxh4 Qe7 30. Rg1+ Kh8 31. Qe4 Rg8
32. Rxg8+ Kxg8 33. Qg4+ Qg7 34. Qc8+ Qf8 35. Qe6+ Qf7 36. Qg4+ Qg7 37. Qe6+
Qf7 38. Qg4+ Qg7 1/2-1/2